[Event "27. ekipno prvenstvo RH"]
[Site "Biograd na Moru"]
[Date "2018.09.10"]
[Round "3.31"]
[White "Abasov, Nijat"]
[Black "Bosiocic, Marin"]
[Result "1-0"]
[WhiteElo "2632"]
[BlackElo "2600"]
[PlyCount "131"]
[EventDate "2018.??.??"]

1. e4 e5 2. Nf3 Nc6 3. Bb5 Nf6 4. d3 Bc5 5. c3 O-O 6. O-O d5 7. exd5 Qxd5 8.
Bc4 Qd8 9. Nbd2 a6 10. a4 Bf5 11. Qe2 Re8 12. Ne4 Nxe4 13. dxe4 Be6 14. Ng5
Bxc4 15. Qxc4 Qe7 16. Nxf7 Na5 17. Nh6+ Kh8 18. Nf7+ Kg8 19. Nh6+ Kh8 20. Qa2
gxh6 21. b4 Ba7 22. bxa5 Qh4 23. Qe2 Rg8 24. Kh1 Rg7 25. Rb1 c6 26. g3 Qh3 27.
Be3 Bxe3 28. Qxe3 Rag8 29. Rfd1 Qe6 30. Qc5 h5 31. Qd6 Qf7 32. Kg1 Qf4 33. Qd2
Qxe4 34. Rb4 Qf5 35. Qe2 Rf8 36. Re4 Rgf7 37. Rd2 Re7 38. Kg2 Qg5 39. Rd3 Rf5
40. Rde3 Qf6 41. f3 Qd6 42. g4 hxg4 43. fxg4 Rf8 44. Rxe5 Ref7 45. c4 Qb4 46.
Re8 Qd6 47. Rxf8+ Rxf8 48. Re7 Qg6 49. h4 c5 50. h5 Qf6 51. Re6 Qf7 52. Re5 h6
53. Rxc5 Qf4 54. Qe5+ Qxe5 55. Rxe5 Rf4 56. Kg3 Rxc4 57. Re8+ Kg7 58. Re7+ Kg8
59. Rxb7 Rxa4 60. Rb6 Ra3+ 61. Kh4 Kg7 62. Rg6+ Kh7 63. Rxa6 Kg7 64. Rg6+ Kh7
65. a6 Rb3 66. Rc6 1-0

[Event "27. ekipno prvenstvo RH"]
[Site "Biograd na Moru"]
[Date "2018.09.10"]
[Round "3.33"]
[White "Galic, Ivan"]
[Black "Sebenik, Matej"]
[Result "1/2-1/2"]
[WhiteElo "2416"]
[BlackElo "2570"]
[PlyCount "38"]
[EventDate "2018.??.??"]

1. c4 c5 2. Nc3 Nf6 3. e4 Nc6 4. Nge2 e6 5. d4 cxd4 6. Nxd4 Bb4 7. Nxc6 bxc6 8.
Qc2 e5 9. Bd3 Be7 10. O-O d6 11. b3 O-O 12. Bb2 Be6 13. Na4 Qc7 14. Rae1 Nd7
15. Be2 Rad8 16. Bf3 Nb6 17. Nc3 Nd7 18. Na4 Nb6 19. Nc3 Nd7 1/2-1/2

[Event "27. ekipno prvenstvo RH"]
[Site "Biograd na Moru"]
[Date "2018.09.10"]
[Round "3.34"]
[White "Tica, Sven"]
[Black "Bender, Ivan"]
[Result "1/2-1/2"]
[WhiteElo "2442"]
[BlackElo "2261"]
[PlyCount "92"]
[EventDate "2018.??.??"]

1. d4 Nf6 2. c4 e6 3. g3 d5 4. Bg2 Be7 5. Nf3 O-O 6. O-O dxc4 7. Qc2 a6 8. a4
Nc6 9. Qxc4 Qd5 10. Qd3 Rd8 11. Nc3 Qa5 12. Rd1 e5 13. d5 e4 14. Nxe4 Nxd5 15.
Bd2 Ndb4 16. Qe3 Be6 17. Rdc1 h6 18. Nc5 Bxc5 19. Rxc5 Qb6 20. a5 Qa7 21. Rac1
Na2 22. Ra1 Rd5 23. Rxd5 Qxe3 24. Bxe3 Bxd5 25. Nd4 Bxg2 26. Kxg2 Nab4 27. Nxc6
Nxc6 28. Bf4 Rd8 29. h4 Rd5 30. Bxc7 Rd2 31. e4 Rxb2 32. h5 Rb5 33. g4 Kf8 34.
Ra3 Ke7 35. Kg3 Kd7 36. Bb6 Ne5 37. Rc3 Nc6 38. Ra3 Ne5 39. Rc3 Nc6 40. f4 Ke6
41. Ra3 f6 42. Kf3 Rb1 43. Kg2 Rb2+ 44. Kf3 Rb1 45. Kg2 Rb2+ 46. Kf3 Rb1
1/2-1/2

[Event "27. ekipno prvenstvo RH"]
[Site "Biograd na Moru"]
[Date "2018.09.10"]
[Round "3.36"]
[White "Petrov, Jole"]
[Black "Separovic, Tomislav"]
[Result "1-0"]
[WhiteElo "2397"]
[BlackElo "2153"]
[PlyCount "103"]
[EventDate "2018.??.??"]

1. Nf3 d5 2. g3 Nf6 3. Bg2 c5 4. c4 d4 5. d3 Nc6 6. O-O e5 7. e3 Be7 8. exd4
exd4 9. Bf4 O-O 10. Ne5 Nxe5 11. Bxe5 Bd6 12. Bxf6 Qxf6 13. Nd2 Qd8 14. f4 Rb8
15. f5 f6 16. Bd5+ Kh8 17. Ne4 b6 18. Qf3 Be5 19. Rae1 Qc7 20. Re2 Bb7 21. Bxb7
Qxb7 22. Rfe1 Qd7 23. Ng5 fxg5 24. Rxe5 Rbe8 25. Qe4 Rxe5 26. Qxe5 h6 27. g4
Qa4 28. a3 Qc2 29. Qe7 Kg8 30. Qe6+ Kh8 31. Qe2 Qa4 32. Qe7 Kg8 33. Qe6+ Kh8
34. Qg6 Qd7 35. b4 Kg8 36. b5 Kh8 37. Re4 Kg8 38. Qe6+ Qf7 39. Kg2 Kh8 40. Qxf7
Rxf7 41. Re6 Kg8 42. Kf3 Kf8 43. Ke4 Rd7 44. Ke5 Kf7 45. f6 Kg6 46. a4 Rf7 47.
fxg7+ Kxg7 48. Kd5 Rf3 49. Re7+ Kf8 50. Rxa7 Rxd3 51. a5 bxa5 52. b6 1-0

[Event "27. ekipno prvenstvo RH"]
[Site "Biograd na Moru"]
[Date "2018.09.10"]
[Round "3.41"]
[White "Inarkiev, Ernesto"]
[Black "Postny, Evgeny"]
[Result "1-0"]
[WhiteElo "2679"]
[BlackElo "2621"]
[PlyCount "71"]
[EventDate "2018.??.??"]

1. e4 e5 2. Nf3 Nc6 3. Bb5 a6 4. Ba4 Nf6 5. d3 d6 6. c3 g6 7. O-O Bg7 8. Nbd2
O-O 9. Re1 Nd7 10. Nf1 Nc5 11. Bc2 Ne6 12. Ng3 d5 13. exd5 Qxd5 14. Ne4 Qd8 15.
b4 Kh8 16. Bb3 h6 17. Qc2 f5 18. Ng3 Qd6 19. Bb2 Nf4 20. Rad1 Be6 21. Bxe6 Nxe6
22. d4 exd4 23. Nh4 Ng5 24. f4 Nf7 25. cxd4 Nxb4 26. Qb3 Kh7 27. Nxg6 Qxg6 28.
Re6 Qg4 29. h3 Qxf4 30. Nh5 Qg5 31. Nxg7 Qxg7 32. d5 Qg5 33. Qxb4 Rg8 34. Rd2
Nd6 35. Rc2 c5 36. dxc6 1-0

[Event "27. ekipno prvenstvo RH"]
[Site "Biograd na Moru"]
[Date "2018.09.10"]
[Round "3.42"]
[White "Pikula, Dejan"]
[Black "Romanov, Evgeny"]
[Result "0-1"]
[WhiteElo "2469"]
[BlackElo "2611"]
[PlyCount "74"]
[EventDate "2018.??.??"]

1. e4 c5 2. Nf3 Nf6 3. e5 Nd5 4. g3 Nc6 5. Bg2 e6 6. O-O d6 7. exd6 Bxd6 8. d4
O-O 9. c4 Nde7 10. Nc3 Nf5 11. dxc5 Bxc5 12. Ne4 Be7 13. b3 e5 14. Bb2 f6 15.
Nc3 Be6 16. Nd5 Bc5 17. Nd2 Nce7 18. Ne4 Bxd5 19. cxd5 Bd4 20. Bxd4 Nxd4 21. f4
Nxd5 22. Qd3 Qb6 23. Kh1 Nb4 24. Qd1 f5 25. Nd2 e4 26. Nc4 Qc5 27. Ne5 Rad8 28.
Rc1 Qa5 29. a3 Nbc6 30. Nc4 Qd5 31. b4 Qf7 32. Qe1 Rfe8 33. Ne3 Nf3 34. Bxf3
exf3 35. Qc3 Nd4 36. Nc4 Re2 37. Ne5 Rxh2+ 0-1

[Event "27. ekipno prvenstvo RH"]
[Site "Biograd na Moru"]
[Date "2018.09.10"]
[Round "3.43"]
[White "Lalic, Bogdan"]
[Black "Jovanovic, Zoran"]
[Result "1/2-1/2"]
[WhiteElo "2403"]
[BlackElo "2540"]
[PlyCount "33"]
[EventDate "2018.??.??"]

1. d4 d6 2. e4 Nf6 3. Nc3 e5 4. Nf3 Nbd7 5. Bc4 Be7 6. O-O O-O 7. a4 c6 8. h3
Nxe4 9. Nxe4 d5 10. Nxe5 Nxe5 11. dxe5 dxc4 12. Nd6 Be6 13. Nxb7 Qc7 14. Nd6
Rad8 15. Qe2 Bxd6 16. exd6 Qxd6 17. Be3 1/2-1/2

[Event "27. ekipno prvenstvo RH"]
[Site "Biograd na Moru"]
[Date "2018.09.10"]
[Round "3.44"]
[White "Bukal, Vladimir Jr"]
[Black "Plenkovic, Zdenko"]
[Result "1-0"]
[WhiteElo "2380"]
[BlackElo "2418"]
[PlyCount "53"]
[EventDate "2018.??.??"]

1. d4 Nf6 2. c4 g6 3. g3 Bg7 4. Bg2 O-O 5. Nc3 d6 6. Nf3 Nc6 7. O-O Bf5 8. Bg5
Ne4 9. Nxe4 Bxe4 10. d5 Na5 11. b3 c5 12. Rc1 b5 13. Bh3 Bxf3 14. exf3 bxc4 15.
bxc4 Rb8 16. Re1 Bf6 17. Bh6 Re8 18. Rc2 Qc7 19. Qd3 Nb7 20. f4 Qa5 21. Re4 Qb4
22. f5 Qb1+ 23. Kg2 Na5 24. fxg6 hxg6 25. Be6 Rb2 26. Ree2 Kh8 27. Bxf7 1-0

[Event "27. ekipno prvenstvo RH"]
[Site "Biograd na Moru"]
[Date "2018.09.10"]
[Round "3.46"]
[White "Bozinovic, Bogdan"]
[Black "Sale, Srdjan"]
[Result "0-1"]
[WhiteElo "2229"]
[BlackElo "2428"]
[PlyCount "52"]
[EventDate "2018.??.??"]

1. d4 e6 2. Nf3 c5 3. e3 Nf6 4. Bd3 d5 5. O-O c4 6. Be2 b5 7. b3 Bb7 8. a4 a6
9. axb5 axb5 10. Rxa8 Bxa8 11. Ne5 Nbd7 12. Qe1 Nxe5 13. dxe5 Nd7 14. Ba3 Bxa3
15. Nxa3 Bc6 16. bxc4 bxc4 17. e4 Qe7 18. Qc3 O-O 19. Nb1 Qc5 20. exd5 exd5 21.
Nd2 Re8 22. Nf3 f6 23. e6 Nf8 24. Nd4 Nxe6 25. Nf5 Nf4 26. Bf3 d4 0-1

[Event "27. ekipno prvenstvo RH"]
[Site "Biograd na Moru"]
[Date "2018.09.10"]
[Round "3.51"]
[White "Malakhov, Vladimir"]
[Black "Movsesian, Sergei"]
[Result "1-0"]
[WhiteElo "2666"]
[BlackElo "2645"]
[PlyCount "298"]
[EventDate "2018.??.??"]

1. Nf3 d5 2. e3 Nf6 3. c4 e6 4. Nc3 Be7 5. b3 O-O 6. Bb2 dxc4 7. bxc4 c5 8. Qc2
Nc6 9. a3 b6 10. Be2 Bb7 11. Rg1 Na5 12. d3 Ne8 13. g4 Nd6 14. g5 Nf5 15. Ne4
a6 16. Ne5 Nc6 17. Ng4 Kh8 18. h4 Nxh4 19. f4 Nf5 20. Rh1 Nxe3 21. Nxe3 Nd4 22.
Qd2 f5 23. gxf6 Bxf6 24. Bxd4 Qxd4 25. Nc2 Qb2 26. Kf2 Bxe4 27. dxe4 Bg5 28.
Bf3 Rxf4 29. Qe2 Qc3 30. Rh3 Rd8 31. Rd1 Rxd1 32. Qxd1 Qxc4 33. Kg1 Qc3 34. Bg2
Qe5 35. Ne1 Rf8 36. Nf3 Be3+ 37. Kh1 Qb2 38. Nh4 Bh6 39. Rf3 Rg8 40. Qd6 Qc1+
41. Rf1 Qg5 42. Nf3 Qh5+ 43. Nh2 e5 44. Rf5 Qh4 45. Qxe5 c4 46. Qd6 Qd8 47. Qb4
b5 48. Nf3 Re8 49. a4 g6 50. Rd5 Qe7 51. Qxe7 Rxe7 52. axb5 axb5 53. Rxb5 Rxe4
54. Rc5 Bf8 55. Rc8 Kg7 56. Bf1 Re3 57. Kg2 Be7 58. Rxc4 Bf6 59. Rc7+ Re7 60.
Rc6 Re3 61. Kf2 Re7 62. Bc4 h5 63. Be6 Ra7 64. Nd2 Ra3 65. Ke2 Bg5 66. Nb3 Ra7
67. Nc5 Be7 68. Nd3 Bf6 69. Bc4 Re7+ 70. Kf3 Bg5 71. Be6 Ra7 72. Bd5 Bf6 73.
Nf4 Ra3+ 74. Ke2 h4 75. Bf3 Ra4 76. Ne6+ Kf7 77. Bd5 Ke7 78. Nc5 Rd4 79. Bb3
Rd6 80. Rc7+ Ke8 81. Ne6 Be7 82. Nf4 g5 83. Nd5 Bd8 84. Rh7 g4 85. Ne3 Bf6 86.
Nxg4 Kd8 87. Ke3 Bg5+ 88. Ke4 Rd7 89. Rh5 Rg7 90. Be6 Kc7 91. Bf5 Kd6 92. Kd4
Be7 93. Rh6+ Kc7 94. Kd5 Rg5 95. Ke5 Bd6+ 96. Ke6 Bg3 97. Nf6 Kc6 98. Rh7 Kb5
99. Rh8 Rg7 100. Ne4 Kc4 101. Rd8 Rc7 102. Bh3 Kb3 103. Bf1 Rc1 104. Bd3 Rc6+
105. Kd5 Rb6 106. Rc8 Rb8 107. Rc3+ Kb4 108. Rc4+ Ka3 109. Rc6 Kb2 110. Bf1
Rd8+ 111. Kc4 Kc2 112. Ra6 Rc8+ 113. Kd4 Rd8+ 114. Ke3 Be5 115. Rc6+ Kb2 116.
Rh6 Bd4+ 117. Ke2 Rh8 118. Rd6 Be5 119. Rb6+ Kc2 120. Bh3 Rb8 121. Rc6+ Kb2
122. Nf2 Bd4 123. Nd3+ Ka3 124. Rd6 Bc3 125. Rh6 Kb3 126. Rxh4 Kc2 127. Bg2
Re8+ 128. Be4 Bf6 129. Rf4 Kc3 130. Ne1 Be5 131. Rf3+ Kd4 132. Bg6 Re6 133.
Nc2+ Kc5 134. Bf5 Re8 135. Rd3 Bf6+ 136. Kf3 Rf8 137. Kf4 Re8 138. Be4 Rd8 139.
Ra3 Bb2 140. Ra5+ Kb6 141. Rf5 Rd6 142. Nb4 Bc1+ 143. Ke5 Rh6 144. Nd3 Ba3 145.
Kd4 Be7 146. Rf7 Rd6+ 147. Kc4 Rd7 148. Nf4 Rc7+ 149. Kd3 Rd7+ 1-0

[Event "27. ekipno prvenstvo RH"]
[Site "Biograd na Moru"]
[Date "2018.09.10"]
[Round "3.52"]
[White "Nguyen, Thai Dai Van"]
[Black "Korobov, Anton"]
[Result "1/2-1/2"]
[WhiteElo "2537"]
[BlackElo "2685"]
[PlyCount "92"]
[EventDate "2018.??.??"]

1. e4 c5 2. Nf3 d6 3. d4 cxd4 4. Nxd4 Nf6 5. Nc3 a6 6. Be3 Nbd7 7. f3 h6 8. h4
e6 9. g4 b5 10. Rg1 b4 11. Nce2 Ne5 12. Ng3 Qc7 13. g5 hxg5 14. hxg5 Nfd7 15.
f4 Nc4 16. Bxc4 Qxc4 17. g6 Be7 18. gxf7+ Kxf7 19. f5 Ne5 20. fxe6+ Bxe6 21.
Nxe6 Kxe6 22. Bf4 Rh4 23. Qd5+ Qxd5 24. exd5+ Kxd5 25. O-O-O+ Ke6 26. Ne2 Bf6
27. Bg3 Rg4 28. Rxd6+ Kxd6 29. Bxe5+ Kxe5 30. Rxg4 a5 31. c3 Rc8 32. Kd2 g5 33.
Ng3 bxc3+ 34. bxc3 Ke6 35. Ne4 Be5 36. Rg1 Bf4+ 37. Ke2 Kf5 38. Kf3 Rd8 39. Nf2
Re8 40. Rb1 Re3+ 41. Kg2 Re5 42. c4 Rc5 43. Rb5 Rxb5 44. cxb5 g4 45. b6 Bb8 46.
a4 Ke6 1/2-1/2

[Event "27. ekipno prvenstvo RH"]
[Site "Biograd na Moru"]
[Date "2018.09.10"]
[Round "3.53"]
[White "Stevic, Hrvoje"]
[Black "Sertic, Rudolf"]
[Result "1-0"]
[WhiteElo "2579"]
[BlackElo "2366"]
[PlyCount "71"]
[EventDate "2018.??.??"]

1. e4 e6 2. d4 d5 3. Nd2 dxe4 4. Nxe4 Nd7 5. Nf3 Ngf6 6. Nxf6+ Nxf6 7. g3 Bd6
8. Bg2 c6 9. O-O Qc7 10. c4 Qb8 11. Re1 O-O 12. Ne5 Nd7 13. Qh5 Qc7 14. Bf4 a5
15. c5 Bxe5 16. dxe5 Nxc5 17. Rad1 Qe7 18. Rd6 Qe8 19. Qg4 Kh8 20. Red1 Nd7 21.
Qh4 f5 22. exf6 Nxf6 23. Be5 Qf7 24. Rd8 Kg8 25. Rxf8+ Qxf8 26. Be4 h6 27. Bxf6
gxf6 28. Qg4+ Kh8 29. Qg6 f5 30. Bc2 c5 31. Ba4 b5 32. Bxb5 Ra7 33. Be8 Re7 34.
Rd8 Rg7 35. Qxh6+ Kg8 36. Qh5 1-0

[Event "27. ekipno prvenstvo RH"]
[Site "Biograd na Moru"]
[Date "2018.09.10"]
[Round "3.54"]
[White "Biti, Ozren"]
[Black "Kozul, Zdenko"]
[Result "0-1"]
[WhiteElo "2366"]
[BlackElo "2600"]
[PlyCount "80"]
[EventDate "2018.??.??"]

1. e4 c5 2. Nc3 a6 3. g3 Nc6 4. Bg2 g6 5. d3 Bg7 6. f4 d6 7. Nf3 Bg4 8. O-O Nd4
9. Nd5 Nf6 10. Nxf6+ Bxf6 11. c3 Nxf3+ 12. Bxf3 Bxf3 13. Qxf3 Qd7 14. Be3 O-O
15. f5 b5 16. Bh6 Rfd8 17. Qe2 a5 18. Rf3 a4 19. Rc1 Rab8 20. h4 Kh8 21. fxg6
fxg6 22. Kg2 Qe6 23. a3 b4 24. axb4 cxb4 25. c4 a3 26. b3 Ra8 27. Rc2 Bg7 28.
Be3 Rf8 29. Ra2 Rxf3 30. Qxf3 Rf8 31. Qe2 Bc3 32. Rc2 h5 33. Bd2 Bxd2 34. Qxd2
Qf6 35. Qe2 Qd4 36. Qd2 Kh7 37. Qe2 Qa1 38. c5 dxc5 39. Rxc5 Qb2 40. Rc2 Qxb3
0-1

[Event "27. ekipno prvenstvo RH"]
[Site "Biograd na Moru"]
[Date "2018.09.10"]
[Round "3.55"]
[White "Palac, Mladen"]
[Black "Medak, Bojan"]
[Result "1/2-1/2"]
[WhiteElo "2540"]
[BlackElo "2367"]
[PlyCount "41"]
[EventDate "2018.??.??"]

1. e4 Nc6 2. Nf3 d6 3. d4 Nf6 4. c3 g6 5. Bd3 Bg7 6. O-O O-O 7. Re1 e5 8. h3
Re8 9. Nbd2 Nh5 10. Nb3 a5 11. Bg5 Bf6 12. Be3 a4 13. Nbd2 a3 14. b4 exd4 15.
Nxd4 Bg7 16. Rc1 Bd7 17. b5 Na5 18. f4 c5 19. N4b3 Nxb3 20. Nxb3 Qh4 21. Qd2
1/2-1/2

[Event "27. ekipno prvenstvo RH"]
[Site "Biograd na Moru"]
[Date "2018.09.10"]
[Round "3.56"]
[White "Filipovic, Marko"]
[Black "Zelcic, Robert"]
[Result "0-1"]
[WhiteElo "2321"]
[BlackElo "2520"]
[PlyCount "70"]
[EventDate "2018.??.??"]

1. d4 Nf6 2. Nf3 e6 3. g3 d5 4. Bg2 b5 5. a4 b4 6. a5 Be7 7. c4 bxc3 8. bxc3
O-O 9. O-O Ba6 10. Nbd2 Nbd7 11. Re1 c5 12. Ne5 Rc8 13. Qa4 cxd4 14. Nc6 Nc5
15. Nxe7+ Qxe7 16. Qxd4 e5 17. Qh4 Qc7 18. Ba3 Rfe8 19. g4 h6 20. Bb4 Ne6 21.
e3 Nc5 22. Nf1 Nd3 23. Ng3 Nxe1 24. Rxe1 Bd3 25. Nf5 Bxf5 26. gxf5 Qd8 27. Rd1
Rc4 28. Qh3 Ne4 29. Bf1 Nxc3 30. Bxc4 Nxd1 31. Be2 Qg5+ 32. Qg2 Qxf5 33. e4 Qf4
34. Bxd1 Rb8 35. exd5 Rxb4 0-1

[Event "27. ekipno prvenstvo RH"]
[Site "Biograd na Moru"]
[Date "2018.09.11"]
[Round "4.12"]
[White "Nguyen, Thai Dai Van"]
[Black "Predke, Alexandr"]
[Result "1-0"]
[WhiteElo "2537"]
[BlackElo "2612"]
[PlyCount "105"]
[EventDate "2018.??.??"]

1. Nf3 d5 2. d4 Nf6 3. c4 dxc4 4. e3 e6 5. Bxc4 c5 6. Nc3 a6 7. a4 Nc6 8. O-O
Be7 9. d5 exd5 10. Nxd5 Nxd5 11. Bxd5 Nb4 12. Bc4 O-O 13. Bd2 Nc6 14. Bc3 Bg4
15. h3 Bh5 16. Qd5 Qxd5 17. Bxd5 Rfd8 18. Bxc6 bxc6 19. Ne5 Rac8 20. g4 f6 21.
Nxc6 Rxc6 22. gxh5 Rd5 23. h6 Rh5 24. hxg7 Rxh3 25. Rfd1 Kxg7 26. Rd7 Kf7 27.
Kg2 Rh5 28. Rh1 Rxh1 29. Kxh1 Ke6 30. Ra7 f5 31. Kg2 h5 32. Kh3 c4 33. a5 Bf6
34. Bxf6 Kxf6 35. Kh4 Rd6 36. Kxh5 f4 37. Kg4 fxe3 38. fxe3 Ke5 39. Re7+ Kf6
40. Rc7 Rd5 41. Rc6+ Ke5 42. Rxa6 Rb5 43. Ra8 Rxb2 44. a6 Rg2+ 45. Kf3 Rg7 46.
a7 Re7 47. Ke2 Ke4 48. Kd2 c3+ 49. Kxc3 Kxe3 50. Kc4 Ke4 51. Kc5 Ke5 52. Kc6
Ke6 53. Kb6 1-0

[Event "27. ekipno prvenstvo RH"]
[Site "Biograd na Moru"]
[Date "2018.09.11"]
[Round "4.13"]
[White "Martinovic, Sasa"]
[Black "Sertic, Rudolf"]
[Result "1/2-1/2"]
[WhiteElo "2567"]
[BlackElo "2366"]
[PlyCount "101"]
[EventDate "2018.??.??"]

1. d4 d5 2. c4 c6 3. Nf3 Nf6 4. e3 g6 5. Nc3 Bg7 6. cxd5 Nxd5 7. Be2 O-O 8. O-O
Nxc3 9. bxc3 Nd7 10. e4 e5 11. Re1 exd4 12. cxd4 Re8 13. Bg5 Qa5 14. Bd2 Qc7
15. Qc2 Nf6 16. Bd3 Bg4 17. Ne5 Be6 18. h3 Rad8 19. Nf3 Qc8 20. Bg5 h6 21. Be3
Bxh3 22. gxh3 Qxh3 23. Qe2 Nxe4 24. Nh2 Bxd4 25. Bxd4 Rxd4 26. Bxe4 Rdxe4 27.
Qxe4 Rxe4 28. Rxe4 Qa3 29. Re2 c5 30. Rb1 b6 31. Rb3 Qc1+ 32. Kg2 c4 33. Rbe3
b5 34. Re5 b4 35. Nf3 b3 36. axb3 cxb3 37. Rb5 Qc4 38. Rb8+ Kg7 39. Re3 Qg4+
40. Kf1 Qc4+ 41. Ke1 b2 42. Nd2 Qc6 43. Reb3 h5 44. Rxb2 h4 45. R2b3 a5 46. Ke2
a4 47. Rd3 Qa6 48. Rb4 a3 49. Rxh4 a2 50. Nb3 a1=Q 51. Nxa1 1/2-1/2

[Event "27. ekipno prvenstvo RH"]
[Site "Biograd na Moru"]
[Date "2018.09.11"]
[Round "4.14"]
[White "Biti, Ozren"]
[Black "Rogic, Davor"]
[Result "1-0"]
[WhiteElo "2366"]
[BlackElo "2519"]
[PlyCount "75"]
[EventDate "2018.??.??"]

1. e4 e5 2. Nf3 Nc6 3. Bc4 Bc5 4. c3 Nf6 5. d3 d6 6. O-O O-O 7. a4 a5 8. h3 Ne7
9. Nbd2 Ng6 10. Re1 c6 11. Nf1 d5 12. exd5 cxd5 13. Bb3 Bd6 14. Bg5 Be6 15. Ne3
Be7 16. c4 d4 17. Nd5 h6 18. Nxe7+ Qxe7 19. Bd2 Nd7 20. Bc2 Qf6 21. b4 axb4 22.
Rb1 Rfc8 23. Rxb4 Nc5 24. Qe2 Bf5 25. Nxe5 Nxe5 26. Qxe5 Qg6 27. Qxd4 Bxh3 28.
g3 Bf5 29. Re3 Ra6 30. Bc3 Rd6 31. Qh4 Nxd3 32. Bxd3 Bxd3 33. Be5 Rd7 34. c5
Rxc5 35. Bb2 Qc6 36. Rg4 Bg6 37. Re8+ Kh7 38. Rh8+ 1-0

[Event "27. ekipno prvenstvo RH"]
[Site "Biograd na Moru"]
[Date "2018.09.11"]
[Round "4.15"]
[White "Kovacevic, Vlatko"]
[Black "Medak, Bojan"]
[Result "1-0"]
[WhiteElo "2454"]
[BlackElo "2367"]
[PlyCount "77"]
[EventDate "2018.??.??"]

1. d4 d6 2. Nf3 g6 3. c4 Bg7 4. Nc3 Nc6 5. d5 Ne5 6. Nxe5 Bxe5 7. Bd2 Bg7 8. g3
e5 9. e4 h5 10. h4 Bh6 11. Rc1 Bxd2+ 12. Qxd2 Nf6 13. Be2 O-O 14. f3 Kg7 15.
Qe3 Qe7 16. Kd2 Bd7 17. Rcg1 a6 18. a4 c6 19. a5 c5 20. Rb1 Qd8 21. b4 cxb4 22.
Rxb4 Qxa5 23. Qb6 Qxb6 24. Rxb6 Ne8 25. Rxb7 Bc8 26. Rb6 f5 27. Ra1 f4 28. gxf4
Rxf4 29. Ke3 Rf7 30. c5 dxc5 31. Na4 Rf6 32. Rab1 a5 33. Rb8 Rxb8 34. Rxb8 Nd6
35. Nxc5 g5 36. hxg5 Rf8 37. Rb6 Nf7 38. g6 Nh8 39. d6 1-0

[Event "27. ekipno prvenstvo RH"]
[Site "Biograd na Moru"]
[Date "2018.09.11"]
[Round "4.21"]
[White "Postny, Evgeny"]
[Black "Malakhov, Vladimir"]
[Result "1/2-1/2"]
[WhiteElo "2621"]
[BlackElo "2666"]
[PlyCount "69"]
[EventDate "2018.??.??"]

1. d4 d5 2. c4 c6 3. Nf3 Nf6 4. Nc3 a6 5. c5 Nbd7 6. Bf4 Nh5 7. Bd2 Nhf6 8. Qc2
g6 9. g3 Bg7 10. Bg2 O-O 11. O-O b6 12. cxb6 Nxb6 13. Ne5 Bf5 14. e4 dxe4 15.
Nxc6 Qd7 16. Nxe4 Nxe4 17. Bxe4 Rfc8 18. Rac1 e6 19. Bxf5 gxf5 20. Ba5 Nd5 21.
Qa4 Bxd4 22. Qxd4 Rxc6 23. Rxc6 Qxc6 24. Bd2 f6 25. Rc1 Qb7 26. Qc5 Kf7 27. b3
Rd8 28. Ba5 Rg8 29. Qc6 Qb5 30. Qxb5 axb5 31. Rc5 b4 32. Rb5 Ra8 33. Bxb4 Nxb4
34. Rxb4 Rxa2 35. Kf1 1/2-1/2

[Event "27. ekipno prvenstvo RH"]
[Site "Biograd na Moru"]
[Date "2018.09.11"]
[Round "4.22"]
[White "Korobov, Anton"]
[Black "Pikula, Dejan"]
[Result "1-0"]
[WhiteElo "2685"]
[BlackElo "2469"]
[PlyCount "63"]
[EventDate "2018.??.??"]

1. d4 Nf6 2. c4 e6 3. Nc3 Bb4 4. Qc2 O-O 5. Nf3 d5 6. a3 Bxc3+ 7. Qxc3 dxc4 8.
Qxc4 b6 9. Bg5 Ba6 10. Qc2 h6 11. Bh4 Nbd7 12. e4 Bxf1 13. Rxf1 Qc8 14. Qc6 Rb8
15. Rc1 Qb7 16. Ke2 Qa6+ 17. Kd2 Rfd8 18. Rfe1 Rbc8 19. e5 g5 20. exf6 gxh4 21.
Rxe6 fxe6 22. Qxe6+ Kh8 23. Qe7 Rg8 24. Qxd7 Rxg2 25. Ke3 c5 26. Ne5 Rf8 27.
Nf7+ Rxf7 28. Qxf7 Qc8 29. dxc5 Qh3+ 30. f3 Qxh2 31. Qe8+ Kh7 32. f7 1-0

[Event "27. ekipno prvenstvo RH"]
[Site "Biograd na Moru"]
[Date "2018.09.11"]
[Round "4.23"]
[White "Jovanovic, Zoran"]
[Black "Stevic, Hrvoje"]
[Result "1/2-1/2"]
[WhiteElo "2540"]
[BlackElo "2579"]
[PlyCount "20"]
[EventDate "2018.??.??"]

1. e4 Nc6 2. Nc3 e5 3. Nf3 Nf6 4. Bb5 Bb4 5. O-O O-O 6. d3 Bxc3 7. bxc3 d6 8.
Bxc6 bxc6 9. h3 h6 10. c4 c5 1/2-1/2

[Event "27. ekipno prvenstvo RH"]
[Site "Biograd na Moru"]
[Date "2018.09.11"]
[Round "4.24"]
[White "Kozul, Zdenko"]
[Black "Bukal, Vladimir Jr"]
[Result "1-0"]
[WhiteElo "2600"]
[BlackElo "2380"]
[PlyCount "109"]
[EventDate "2018.??.??"]

1. d4 e6 2. c4 f5 3. g3 Nf6 4. Bg2 d5 5. Nh3 Bd6 6. O-O O-O 7. Qc2 Nc6 8. Rd1
Nb4 9. Qb3 dxc4 10. Qxc4 Nbd5 11. Nd2 Qe8 12. Qc2 Qh5 13. Nc4 Bd7 14. f3 Nb6
15. Na5 Rab8 16. Nf4 Qe8 17. Nd3 e5 18. dxe5 Bxe5 19. Nc5 Ba4 20. Nxa4 Qxa4 21.
Qxa4 Nxa4 22. Nc4 Rfe8 23. Bf1 Nb6 24. Nxe5 Rxe5 25. Bf4 Re7 26. Bg5 Kf7 27.
Rac1 h6 28. Bxf6 Kxf6 29. Rc5 Rbe8 30. Rd4 c6 31. Ra5 a6 32. g4 fxg4 33. Rxg4
Rd8 34. e4 Rd2 35. Rf5+ Ke6 36. Rg2 Rxg2+ 37. Kxg2 Rd7 38. Kg3 Rd2 39. a4 Nxa4
40. Bc4+ Kd6 41. e5+ Kc5 42. e6+ Kd6 43. Rf8 Ke7 44. Rf7+ Ke8 45. Rxb7 Nxb2 46.
Bxa6 g5 47. Rh7 Rd6 48. Rxh6 Ke7 49. Bc8 Nd3 50. Rh7+ Ke8 51. Kg4 Rd5 52. h4
Ne5+ 53. Kxg5 Nd7+ 54. Kf4 Nf6 55. Rf7 1-0

[Event "27. ekipno prvenstvo RH"]
[Site "Biograd na Moru"]
[Date "2018.09.11"]
[Round "4.25"]
[White "Dutina, Dario"]
[Black "Jankovic, Alojzije"]
[Result "1/2-1/2"]
[WhiteElo "2245"]
[BlackElo "2558"]
[PlyCount "38"]
[EventDate "2018.??.??"]

1. e4 c5 2. Nf3 e6 3. d4 cxd4 4. Nxd4 Nc6 5. Nc3 Qc7 6. Ndb5 Qb8 7. a4 Nf6 8.
g3 a6 9. Na3 d5 10. exd5 Qe5+ 11. Qe2 exd5 12. Bg2 Qxe2+ 13. Nxe2 Bf5 14. Bg5
Bc5 15. Bxf6 gxf6 16. O-O O-O-O 17. Nf4 Be4 18. Rfd1 Ne5 19. Nd3 Bxd3 1/2-1/2

[Event "27. ekipno prvenstvo RH"]
[Site "Biograd na Moru"]
[Date "2018.09.11"]
[Round "4.26"]
[White "Zelcic, Robert"]
[Black "Bozinovic, Bogdan"]
[Result "0-1"]
[WhiteElo "2520"]
[BlackElo "2229"]
[PlyCount "78"]
[EventDate "2018.??.??"]

1. e4 c5 2. Nf3 d6 3. d4 cxd4 4. Nxd4 Nf6 5. Nc3 a6 6. Be2 e6 7. O-O Be7 8. f4
O-O 9. Kh1 b5 10. Bf3 Ra7 11. Be3 b4 12. Na4 Rc7 13. c3 Bb7 14. Qd3 bxc3 15.
Nxc3 Nbd7 16. Nb3 Qc8 17. Bf2 Rd8 18. Qe2 Nc5 19. Nxc5 dxc5 20. Rac1 Rcd7 21.
Be3 Qa8 22. Na4 Rc7 23. e5 Bxf3 24. Rxf3 Nd5 25. Bg1 Rdc8 26. f5 Qc6 27. Nxc5
Qb5 28. Qe4 Bxc5 29. fxe6 fxe6 30. Qg4 Qd7 31. Rcf1 Bxg1 32. Rf7 Qxf7 33. Rxf7
Kxf7 34. Qh5+ Kg8 35. Kxg1 Rc1+ 36. Kf2 R1c2+ 37. Kg3 Rxg2+ 38. Kf3 Rxb2 39.
Qg5 Rc3+ 0-1

[Event "27. ekipno prvenstvo RH"]
[Site "Biograd na Moru"]
[Date "2018.09.11"]
[Round "4.32"]
[White "Romanov, Evgeny"]
[Black "Beliavsky, Alexander G"]
[Result "1/2-1/2"]
[WhiteElo "2611"]
[BlackElo "2540"]
[PlyCount "35"]
[EventDate "2018.??.??"]

1. e4 e5 2. Nf3 Nc6 3. Bc4 Bc5 4. O-O Nf6 5. d3 d6 6. a4 a6 7. c3 Ba7 8. Na3 h6
9. Nc2 O-O 10. Be3 Bxe3 11. Nxe3 Ne7 12. Nh4 c6 13. Qf3 d5 14. Ba2 Be6 15. Rfe1
Qc7 16. Nhf5 Nxf5 17. Nxf5 Kh7 18. Qg3 1/2-1/2

[Event "27. ekipno prvenstvo RH"]
[Site "Biograd na Moru"]
[Date "2018.09.11"]
[Round "4.33"]
[White "Sebenik, Matej"]
[Black "Lalic, Bogdan"]
[Result "1/2-1/2"]
[WhiteElo "2570"]
[BlackElo "2403"]
[PlyCount "53"]
[EventDate "2018.??.??"]

1. Nf3 d5 2. g3 Nc6 3. Bg2 e5 4. d3 Nf6 5. O-O Be7 6. a3 O-O 7. Nc3 d4 8. Nb1
h6 9. b4 a6 10. Bb2 Re8 11. c3 dxc3 12. Nxc3 Bf8 13. Rc1 Rb8 14. Na4 Bg4 15. h3
Bxf3 16. Bxf3 Nd4 17. Bg2 c6 18. Nc5 a5 19. e3 Nf5 20. Qb3 axb4 21. axb4 Qb6
22. e4 Bxc5 23. Rxc5 Nd7 24. Qa3 Nd6 25. Qa5 Qd8 26. Qxd8 Rbxd8 27. Ra5 1/2-1/2